000 00205nam a2200085Ia 4500
008 120527s9999 xx 000 0 und d
100 _aETLA, et al
245 _aGrowth and integration in aNordic
942 _cBK
999 _c27297
_d27297